| 000 | 01288nam0a2200313 4500 | ||
|---|---|---|---|
| 001 | RU\NLR\bibl\1730162 | ||
| 005 | 20250616075356.0 | ||
| 010 |
_a978-5-7253-2023-7 _9500 |
||
| 021 |
_aRU _b2010-104559 _97060 |
||
| 035 | _a(NLR Aleph) 001721118 | ||
| 090 |
_a1340410 _c1340410 |
||
| 100 | _a20110201d2009 |||y0rusy50 ca | ||
| 101 | 0 | _arus | |
| 102 | _aRU | ||
| 105 | _aa ||||||||| | ||
| 200 | 1 |
_aРегиональное развитие и экономический рост _fЕ.В. Федюкович _gМ-во образования и науки РФ, Байкал. гос. ун-т экономики и права |
|
| 210 |
_aИркутск _cИзд-во БГУЭП _d2009 |
||
| 215 |
_a172 с. _cил. _d20 |
||
| 320 | _aБиблиогр.: с. 163-172 (139 назв.) | ||
| 606 | 1 |
_aРегиональная экономика _91345863 _3RU\NLR\auth\66246643 |
|
| 606 | 1 |
_aРегиональная экономика _yИркутская область _92218186 _3RU\NLR\auth\661332111 |
|
| 686 | _aУ04(0)9 | ||
| 686 | _aУ04(2Р-4Ир)9 | ||
| 700 | 1 |
_aФедюкович _bЕ. В. _gЕкатерина Владимировна _4070 |
|
| 801 | 0 |
_aRU _bNLR _c20110201 _gRCR |
|
| 801 | 1 |
_aRU _bNLR _c20110201 |
|
| 942 | _cBOOK | ||
| 980 | _aNB | ||